000 00259nam a22001217a 4500
008 180903b xxu||||| |||| 00| 0 eng d
041 _aeng
080 _a038
100 _a23
101 _aFJA
245 _aDictionary & Thesaurus
_cWebster
942 _2udc
_cBK
999 _c47471
_d47471